000 00478nam a2200217Ia 4500
008 210210b1949 xxu||||| |||| 00| 0 eng d
041 _aeng
082 _a825/1003
100 _aMAGNUS
245 _aEssays and studies new series 2 1949
260 _aLondon
_bJohn Murray
_c1949
650 _astudies
650 _aseries
650 _anew
650 _aEssays
650 _aand
650 _a2
650 _a1949
690 _aEnglish Criticism
906 _a015319
999 _c134679
_d134679